000 00531nam a22001577a 4500
008 220520b |||||||| |||| 00| 0 eng d
020 _a0394322568.
050 _aE185. F825 1979
100 _aFranklin, Hope. John
_951724
245 _aFrom slavery to freedom;
_ba history of Negro Americans
_cJohn. Hope . Franklin
260 _aNew York:
_bAlfred A.Knoff,
_c1980.
300 _axvii,554p;
_c24cm.
650 _aAfro Americans
_xhistory
_923695
650 _aslavery in the United States
_xhistory
_920424
942 _2lcc
_cMONOGRAPH
999 _c131479
_d131479